01451 a2200193 45000010003000000050017000030080041000200030015000610400040000760800072001162450041001882500017002292640033002463000025002795050790003041000024010947000020011188560119011383020260407155403.0260407a2005 arg spa dAR-UNSa-BCEJYS aAR-UNSa-BCEJYSbspacAR-UNSa-BCEJYS a336.225xMétodo de tributación y administración de impuestos 10aProcedimiento tributariopLey 11.683 a4a. ed. act. 1aBuenos Aires :bLa Leyc2005 aXCII, 785 p.c24 cm. a1. Disposiciones generales - 2. Sujetos de los deberes impositivos - 3. Determinación y percepción de impuestos - 4. Del pago - 5. Verificación y fiscalización - 6. Intereses, ilícitos y sanciones - 7. Responsables de las sanciones 8. De la prescripción - 9. Procedimiento penal y contencioso administrativo - 10. Procedimiento contencioso judicial - 11. Juicio de ejecución fiscal - 12. Disposiciones varias - 13. Régimen especial de fiscalización - 14. Cuenta de jerarquización - 15. Régimen de actualización - 16. Regímenes de promoción - 17. De la organización y competencia de los tribunales ficales y actuación ante ellos - 18. De las acciones y recursos - 19. De la sentencia del tribunal - 20.Disposiciones generales - 21. Otras disposiciones 1 aFolco, Carlos Maria1 aGómez, Teresa41uhttps://biblioeco.unsa.edu.ar/pmb/images/libros/Procedimiento tributario-l87399.jpgyImagen de portadaqimage/jpeg